Periodic Table Alphabetical Order - Statistics

General Stats
  • This quiz has been taken 26 times
  • The average score is 81 of 118
Answer Stats
Atomic Number Symbol Answer % Correct
13 Al Aluminum
100%
89 Ac Actinium
94%
95 Am Americium
94%
18 Ar Argon
94%
33 As Arsenic
89%
47 Ag Silver
89%
5 B Boron
83%
79 Ag Gold
83%
51 Sb Antimony
78%
85 At Astatine
78%
56 Ba Barium
78%
4 Be Beryllium
78%
82 Pb Lead
78%
30 Zn Zinc
78%
81 Bi Bismuth
72%
35 Br Bromine
72%
48 Cd Cadmium
72%
98 Cf Californium
72%
6 C Carbon
72%
17 Cl Chlorine
72%
27 Co Cobalt
72%
29 Cu Copper
72%
99 Es Einsteinium
72%
63 Eu Europium
72%
9 F Fluorine
72%
87 Fr Francium
72%
31 Ga Gallium
72%
72 Hf Hafnium
72%
2 He Helium
72%
1 H Hydrogen
72%
49 In Indium
72%
53 I Iodine
72%
77 Ir Iridium
72%
26 Fe Iron
72%
36 Kr Krypton
72%
3 Li Lithium
72%
12 Mg Magnesium
72%
25 Mn Manganese
72%
80 Hg Mercury
72%
10 Ne Neon
72%
93 Np Neptunium
72%
28 Ni Nickel
72%
7 N Nitrogen
72%
8 O Oxygen
72%
46 Pd Palladium
72%
15 P Phosphorus
72%
84 Po Polonium
72%
19 K Potassium
72%
91 Pa Protactinium
72%
88 Ra Radium
72%
37 Rb Rubidium
72%
104 Rf Rutherfordium
72%
21 Sc Scandium
72%
34 Se Selenium
72%
14 Si Silicon
72%
11 Na Sodium
72%
38 Sr Strontium
72%
43 Tc Technetium
72%
50 Sn Tin
72%
74 W Tungsten
72%
92 U Uranium
72%
23 V Vanadium
72%
54 Xe Xenon
72%
70 Yb Ytterbium
72%
39 Y Yttrium
72%
40 Zr Zirconium
72%
97 Bk Berkelium
67%
20 Ca Calcium
67%
58 Ce Cerium
67%
55 Cs Cesium
67%
105 Db Dubnium
67%
68 Er Erbium
67%
100 Fm Fermium
67%
64 Gd Gadolinium
67%
108 Hs Hassium
67%
67 Ho Holmium
67%
57 La Lanthanum
67%
103 Lr Lawrencium
67%
42 Mo Molybdenum
67%
60 Nd Neodymium
67%
41 Nb Niobium
67%
102 No Nobelium
67%
94 Pu Plutonium
67%
86 Rn Radon
67%
75 Re Rhenium
67%
106 Sg Seaborgium
67%
16 S Sulfur
67%
52 Te Tellurium
67%
81 Tl Thallium
67%
107 Bh Bohrium
61%
24 Cr Chromium
61%
96 Cm Curium
61%
110 Ds Darmstadtium
61%
66 Dy Dysprosium
61%
114 Fl Flerovium
61%
32 Ge Germanium
61%
116 Lv Livermorium
61%
71 Lu Lutetium
61%
109 Mt Meitnerium
61%
101 Md Mendelevium
61%
115 Mc Moscovium
61%
118 Og Oganesson
61%
76 Os Osmium
61%
59 Pr Praseodymium
61%
61 Pm Promethium
61%
62 Sm Samarium
61%
90 Th Thorium
61%
22 Ti Titanium
61%
113 Nh Nihonium
56%
44 Ru Ruthenium
56%
73 Ta Tantalum
56%
117 Ts Tennessine
56%
65 Tb Terbium
56%
45 Rh Rhodium
50%
69 Tm Thulium
50%
78 Pt Platinum
44%
112 Cn Copernicum
28%
111 Rg Roentgentium
0%
No matching quizzes found
Score Distribution
Percent of People with Each Score
Percentile by Number Answered
Your Score History
You have not taken this quiz